Normal view
MARC view
- Edwardes, Herbert B.
Entry Personal Name
001 - CONTROL NUMBER
- control field: 1172
003 - CONTROL NUMBER IDENTIFIER
- control field: NUST
005 - DATE AND TIME OF LATEST TRANSACTION
- control field: 20170518172406.0
008 - FIXED-LENGTH DATA ELEMENTS
- fixed length control field: 170518|| aca||aabn | a|a d
040 ## - CATALOGING SOURCE
- Original cataloging agency: NUST
- Transcribing agency: NUST
100 ## - HEADING--PERSONAL NAME
- Personal name: Edwardes, Herbert B.
- Fuller form of name: (Herbert Benjamin),
- Titles and other words associated with a name: Sir,
- Dates associated with a name: 1819-1868.
670 ## - SOURCE DATA FOUND
- Source citation: Work cat.: (NUST)0: Edwardes, Herbert B. (Herbert Benjamin), Sir, 1819-1868., Political diaries of Lieut. H.B. Edwardes, assistant to the resident at Lahore, 1847-1849., 2006.
